[Event "SVK-chT3B2 2324"]
[Site "Slovakia"]
[Date "2024.03.03"]
[Round "9.6"]
[White "Duda, Daniel"]
[Black "Adamcik, Ctibor"]
[Result "0-1"]
[WhiteElo "1470"]
[BlackElo "1563"]
[PlyCount "90"]
[EventDate "2023.10.15"]
[EventType "team-tourn"]
[EventRounds "11"]
[EventCountry "SVK"]
[SourceTitle "EXT 2025"]
[Source "ChessBase"]
[SourceDate "2024.10.14"]
[SourceVersion "1"]
[SourceVersionDate "2024.10.14"]
[SourceQuality "1"]
[WhiteTeam "Dubnica nad Vahom IV"]
[BlackTeam "Povazska Bystrica II"]
[WhiteTeamCountry "SVK"]
[BlackTeamCountry "SVK"]

1. d4 Nf6 2. Nf3 d6 3. c4 g6 4. Nc3 Bg7 5. e4 0-0 6. Bd3 Bg4 7. 0-0 a6 8. Re1 c5 9. d5 Nbd7 10. h3 Bxf3 11. Qxf3 Ne5 12. Qd1 Nxd3 13. Qxd3 Nd7 14. f4 e5 15. Be3 Qh4 16. Rf1 Bh6 17. Ne2 f5 18. Bf2 fxe4 19. Qb3 Qe7 20. Qxb7 exf4 21. Nc3 e3 22. Bh4 g5 23. Be1 Rfb8 24. Qc6 Ne5 25. Qa4 Rxb2 26. Ne4 e2 27. Rf2 Nd3 28. Nc3 Nxf2 29. Bxf2 Bg7 30. Qa3 Rab8 31. Re1 Qe5 32. Na4 Rb1 33. Qe3 Rxe1+ 34. Kh2 Rd1 35. Qf3 Rbb1 36. g3 e1Q 37. Bxe1 Rxe1 38. gxf4 Qxf4+ 39. Qxf4 gxf4 40. a3 Bd4 41. Kg2 Rg1+ 42. Kh2 Ra1 43. h4 Ra2+ 44. Kh3 f3 45. Nxc5 Be5 0-1